000 00494nam a2200169Ia 4500
999 _c22867
_d22867
003 OSt
005 20200319142018.0
008 190216s9999||||xx |||||||||||||| ||und||
040 _coclc
082 _a297
_bFAD/M
100 _aFadi, Abdul
_92093
245 0 _aMishihayude Vyakthithwam:
_bIncheelilum Quaranilum /
_cAbdul Fadi
260 _bMarkazul Bishara,
_c1996.
_aManjeri:
300 _a94p
650 _aIslamic History
942 _cBK
_2ddc
_h297
_iFAD/M
_k297
_mFAD/M